Grandes civilizaciones : (Registro nro. 293)

Detalles MARC
000 -Cabecera
Campo de control interno 01899nam a2200241Ia 4500
005 - Fecha y hora del registro
control field 20251203123025.0
008 - Elementos de Longitud Fija
fixed length control field 251203t2007||||xx |||||||||||||| ||spa||
020 ## - ISBN
ISBN 9788441324152
041 ## - Idioma
Codigo Idioma ESP
082 ## - DEWEY y NOTACIÓN INTERNA
Dewey RO 900
Notación Interna F72
110 ## - AUTOR INSTTITUCIONAL
Autor Institucional Folio
245 #0 - TÍTULO DE MATERIAL BIBLIOGRÁFICO
Título Grandes civilizaciones :
Título paralelo [Tomos 1-16]
260 ## - CIUDAD, EDITORIAL, AÑO
Ciudad Barcelona :
Nombre de la Editorial Ediciones Folio,
Año 2007
300 ## - DESCRIPCIÓN
N° Páginas 141 páginas :
Otros detalles ilustraciones, fotografías ;
Dimensiones 30 cm.
Material Adicional
440 ## - MENCIÓN DE SERIE
Título de la Serie
Número de Serie
Volumen de Serie
500 ## - NOTA GENERAL
Nota General Esta colección esta incompleta.
505 ## - TABLA DE CONTENIDO
Tabla de Contenido Contiene: Tomo 1. Antiguo Egipto. La civilización del Nilo – Alberto Siliotti; Tomo 2. Antiguo Egipto. Tierra de dioses y faraones - Alberto Siliotti; Tomo 3. Israel. Jerusalén, la ciudad sagrada de tres religiones – Sarah Kochav; Tomo 4. Israel. Las tierras de la Biblia - Sarah Kochav; Tomo 5. Antigua China. Una cultura milenaria – Maurizio Scarpari; Tomo 6. Antigua China. Tesoros artísticos – Maurizio Scarpari; Tomo 7. India antigua. Historia de la cultura hindú – Marilia Albanese; Tomo 8. India antigua. Arte, religión y vida cotidiana - Marilia Albanese; Tomo 9. Grecia antigua. Cuna de la civilización occidental – Furio Durando; Tomo 10. Grecia antigua. El arte griego a través de los siglos – Furio Durando; Tomo 11. Roma antigua. Auge y decadencia del Imperio romano – Anna María Liberati; Tomo 12. Roma antigua. El esplendor de una civilización – Anna María Liberati; Tomo 13. México antiguo. El mundo azteca y maya – María Longhena; Tomo 14. México antiguo. Mesoamérica precolombina - María Longhena; Tomo 15. Perú antiguo. Historia de las culturas andinas - María Longhena; Tomo 16. Perú antiguo. Los incas, hijos del Sol - María Longhena.
650 ## - TEMAS
Temas Geografía
653 ## - DESCRIPTORES
Lenguajes no controlado Historia antigua; Civilizacion egipcia; Civilización griega; Maravillas del mundo; Colección
654 ## - PROGRAMAS
Programa Todos los programas
942 ## - ELEMENTOS DE KOHA
Tipo de documento Libro
Nombre del creador Justo Noguera
Código de catalogador Margarita Torres
Esquema de clasificación Dewey Decimal Classification
Suppress in OPAC
Existencias
Codigo completo Registro Colección Copia número Disponibilidad Tipo de préstamo Biblioteca Actual Procedencia (Biblioteca) Ubicacón Fecha Ingreso Tipo de Adquisición Date last seen Total checkouts Price effective from Tipo de Item Estado del Material Fuente de Clasificación Damaged status Withdrawn status
RO 900 F72 1085172 Colección Vera Bejar 1   Restringido Víctor Andrés Belaunde Víctor Andrés Belaunde Planta baja cerrada 03/12/2025 Donación 03/12/2025   03/12/2025 Libro Bueno Dewey Decimal Classification   Withdrawn